| 000 | 01827nam a2200385 a 4500 | ||
|---|---|---|---|
| 001 | 000000406 | ||
| 003 | DO-SdBNP | ||
| 005 | 20210416073024.0 | ||
| 007 | 000000406 | ||
| 008 | 081028s2006 dr a 000 0 spa d | ||
| 020 | _a8492243503 | ||
| 040 |
_aBPMSU _bspa _cBPMSU |
||
| 082 | 4 |
_a465 _bG216m.2006 _222 |
|
| 100 | 1 | _aGarcía, Bartolo | |
| 245 | 1 | 0 |
_aMorfosintaxis funcional del español : _bteoría-análisis-producción / _cBartolo García, Rafael Núñez, Julio de los Santos. |
| 250 | _a6a ed. | ||
| 260 |
_aSanto Domingo : _bSurco , _c2006. |
||
| 300 |
_a351 p. : _bil. ; _c23 cm. |
||
| 505 | 0 |
_tPrefacio -- _tNota a la cuarta edición -- _tCapítulo introductorio -- _tLingüística y visión de la lengua -- _gPrimera parte: _tmorfología -- _tMorfología y sintáxis y las demás disciplinas de la lingüística -- _tCategorías formales -- _tRelación significante-significado -- _tEl morfema -- _tMorfología verbal -- _gSegunda parte: _tanálisis de la oración simple -- _tLa oración -- _tEl sujeto -- _tEl predicado -- _tVisión holística del análisis sintáctico -- _gTercera parte: _tanálisis de la oración compuesta -- _tOraciones y proposiciones -- _tProposiciones coordinadas -- _tProposiciones subordinadas -- _tÍndice de textos -- _tBibliografía. |
|
| 590 | _6Inventariado, 2021/VM | ||
| 650 | 4 |
_aEspañol _xGramática _xEstudios y enseñanza |
|
| 650 | 4 |
_aEspañol _xComposicioón y ejercicios |
|
| 650 | 4 |
_aEspañol _xMorfosintaxis |
|
| 650 | 4 |
_aEspañol _xSintaxis |
|
| 650 | 4 |
_aEspañol _xMorfología |
|
| 700 | 1 | 2 | _aNúñez, Rafael |
| 700 | 1 | 2 | _aSantos, Julio de los |
| 910 | _aVMateo / Validado. Control de calidad BNPHU | ||
| 930 | 1 |
_l _m _h _8 _f _p _h |
|
| 930 | 1 |
_l _m _h _8 _f _p _h |
|
| 942 |
_2ddc _cBK |
||
| 945 | _a | ||
| 956 |
_a _b _c _l _h |
||
| 956 |
_a _b _c _l _h |
||
| 999 |
_c7999 _d7999 |
||